000 00269nam a22001337a 4500
041 _aENG
100 _aGupta
245 _aWorkshop Technology Vol 1
260 _aDelhi
_bNew Heights PUB
_c1998
300 _a608
650 _aFMP
700 _aKaushish
856 _uFMP
999 _c644
_d644